Trade liberalization and food security in southeast Asia : Prostpects and strategies

Na minha lista:
Detalhes bibliográficos
Formato: Livro
Idioma:Undetermined
Publicado em: Quezon City, Philippines Balay internasyonal 1996
Assuntos:
Tags: Adicionar Tag
Sem tags, seja o primeiro a adicionar uma tag!
Thư viện lưu trữ: Trung tâm Học liệu Trường Đại học Cần Thơ
LEADER 00570nam a2200181Ia 4500
001 CTU_122819
008 210402s9999 xx 000 0 und d
082 |a 338.19 
082 |b T763 
245 0 |a Trade liberalization and food security in southeast Asia : 
245 0 |b Prostpects and strategies 
260 |a Quezon City, Philippines 
260 |b Balay internasyonal 
260 |c 1996 
650 |a Nutrition policy,Food industry and trade 
650 |z Southeast Asia 
904 |i Hiếu, Huỳnh Mai 
980 |a Trung tâm Học liệu Trường Đại học Cần Thơ